The annals of applied probability : an official journal of the Institute of Mathematicals Statistics.

Αποθηκεύτηκε σε:
Λεπτομέρειες βιβλιογραφικής εγγραφής
Συγγραφή απο Οργανισμό/Αρχή: Institute of Mathematical Statistics
Μορφή: Περιοδική έκδοση
Γλώσσα:English
Δημοσίευση: Cleveland, Ohio : Institute of Mathematical Statistics, c1991-
Θέματα:
Διαθέσιμο Online:https://www.jstor.org/journal/annaapplprob
http://projecteuclid.org/all/euclid.aoap
Ετικέτες: Προσθήκη ετικέτας
Δεν υπάρχουν, Καταχωρήστε ετικέτα πρώτοι!

MARC

LEADER 00000cas a2200000 i 4500
001 1/57084
008 011214c19919999us |||||||||||| ||eng||
022 |a 1050-5164  |l (print) 
022 |a 2168-8737  |l (online) 
035 |l 10000100 
040 |a GR-My-Ua  |b gre  |e AACR2 
041 0 |a eng 
082 0 |a 519.205 
210 1 |a Ann. appl. probab.  
222 4 |a The annals of applied probability 
245 1 4 |a The annals of applied probability :   |h [περιοδικό]   |b an official journal of the Institute of Mathematicals Statistics.  
260 |a Cleveland, Ohio :   |b Institute of Mathematical Statistics,   |c c1991-  
300 |a  τ. :   |b εικ. ;   |c 26 εκ.  
310 |a Bimonthly,   |b 2007- 
321 |a Quarterly,   |b 1991-2006 
500 |a Η καταλαγογράφηση βασίστηκε στο τεύχους του περιοδικού (Vol. 25, no 3, 2015).  
500 |a Το Παράρτημα βιβλιοθήκης Σάμου διαθέτει τα τεύχη: Vol.4:No1(FEB:1994)- Vol. 5:No4 (NOE:1995), και από τον Vol.11:No.1 (FEB:2001) έως και τον -Vol.25:No.6 (DEC:2015) .  
500 |a Το περιοδικό διατίθεται και ηλεκτρονικά.  
650 0 0 |a Probabilities  |x Periodicals. 
710 2 |a Institute of Mathematical Statistics. 
853 |a INST  |b SAMOS  |c SER 
856 |u https://www.jstor.org/journal/annaapplprob 
856 |u http://projecteuclid.org/all/euclid.aoap 
922 |a 3ΕΛΗ  |b 1994/02  |c ΤΣΑΕ  |d SWETS